01050nam a2200241Ii 45000010005000000030009000050080041000140400033000550410008000880820012000961000031001082450029001392640066001683000012002343360026002463370028002723380027003009400050003279990017003779520138003949520138005329520138006706791CO-ViMGA241108s9999||||xx |||||||||||||| ||und|| aCO-ViMGAbspaerdacCO-ViMGA0 aunk04a864-L461 aFray Luis de León95463310aDe los nombres de Cristo 1a[Lugar de publicación no identificado] : Espasa-Calpe, 1949 avolumen atextbtxt2rdacontent aunmediatedbn2rdamedia avolumebnc2rdacarrier aidficha_siabuc: 6637. -- ficha_no_siabuc:6791 c51750d51750 001040708001aMEVIGERRbMEVIGERRcGENd2006-11-27hVol.1o864-L46pECA6373r2024-11-26 10:08:35tEj.1w2024-11-26yBKz6637 | 9309 001040708001aMEVIGERRbMEVIGERRcGENd2006-11-27hVol.1o864-L46pECA6371r2024-11-26 10:08:35tEj.1w2024-11-26yBKz6637 | 9307 001040708001aMEVIGERRbMEVIGERRcGENd2006-11-27hVol.1o864-L46pECA6372r2024-11-26 10:08:35tEj.1w2024-11-26yBKz6637 | 9308